000 00676nam a2200205Ii 4500
003 JO-AjNU
008 230605s9999||||xx |||||||||||||| ||und||
040 _aJO-AjNU
_bara
_erda
_cJO-AjNU
041 _aara
050 1 4 _aBF1028.F3788.2006
100 3 _aكاظم، فريد مجيد,
_eauthor
_935338
245 0 0 _aالقوى الرهيبة :دراسة في العوالم الخفية
250 _aط1
264 3 1 _aعمان:مكتبة الرائد للنشر والتوزيع ،2006
300 _a175ص
336 _atext
_btxt
_2rdacontent
337 _aunmediated
_bn
_2rdamedia
338 _avolume
_bnc
_2rdacarrier
650 4 _aعلم نفس الخوارق
_935339
999 _aA14579
_c18147
_d18147